000 00457nam a2200145Ia 4500
008 100204s9999 xx 000 0 und d
082 _b12455
100 _aटिळक अशोक देवदत्त
245 _aशांतिसदन
260 _b"पॉप्युलर प्रकाशन , मुंबई"
_c1989
300 _a64
630 _aशांतिसदन
730 _aशांतिसदन
942 _cBOOK
999 _c456888
_d456885